00645nam a2200229Ia 4500003000900000008004100009040001300050040001300063041000800076100001700084245001400101250000900115260001200124260000900136300001100145300001000156490002300166490000700189942000700196999001700203952019500220IT-RoPAU120407s9999 xx 000 0 und d aIT-RoPAU cIT-RoPAU aita aPaolo Brezzi aIl papato aRoma aStudium c1951 a194 p. c17 cm aUniversale Studium v13 cBK c28090d28090 00102ddc406040_13000000000000071aPAULUSbPAULUSd2012-04-11l0o040.13r2012-04-11 00:00:00w2012-04-11yBKzInserito da: Jole In data: 22 luglio 2011 fondo: Via A.Severo 56 Progr:13659